Fighter Aircraft by Picture - Statistics

General Stats
  • This quiz has been taken 13,388 times
    13,378 since last reset
  • The average score is 10 of 16
Answer Stats
Picture Answer % Correct
Lockheed Martin F-22
96%
Lockheed Martin F-35
96%
McDonnell Douglas F-15
93%
General Dynamics F-16
75%
Eurofighter Typhoon
74%
McDonnell Douglas F/A-18
73%
Grumman F-14
71%
Sukhoi Su-57
63%
Dassault Rafale
53%
Mikoyan MiG-29
51%
Saab JAS 39 Gripen
51%
Chengdu J-20
49%
Sukhoi Su-27
49%
Panavia Tornado GR4
38%
Chengdu J-10
25%
HAL Tejas
13%
No matching quizzes found
Score Distribution
Percent of People with Each Score
Percentile by Number Answered
Your Score History
You have not taken this quiz since the last reset